000 02850nam a22003857a 4500
005 20100819113936.0
010 _aENG-100933 B-423693-702
020 _a9788120341029
_c395.00
035 _aEN-84466
035 _aB-423693-702
037 _bDBAD/PUB
037 _bAllied Publishers
082 _a515.35
100 _aShah, Nita H.
_930799
245 _aOrdinary and partial diffential equations :
_cby Nita H. Shah
_btheory and applications /
260 _aNew Delhi
_bPHI Learning
_c2010
270 _aM-97, Connaught Circus
_bNew Delhi
_e110001
300 _axiv, 413 p.
_b24cm (Pbk)
500 _aIncludes index
700 _915115
700 _915135
942 _2ddc
_cEN
_h515.35
_mSHA
999 _c42532
_d42532